| 000 | 00666nam a2200217 a 4500 | ||
|---|---|---|---|
| 008 | |||
| 020 | _a1871224012 (hbk.) | ||
| 049 | _aMAIN | ||
| 090 | _aZ253.5 | ||
| 100 | 1 | _aHewson, David. | |
| 245 | 1 | 0 |
_aIntroduction to desktop publishing : _ba guide to buying and using a desktop publishing system / _cDavid Hewson. |
| 260 |
_aHatfield : _bJohn Taylor Book Ventures, _c1989. |
||
| 300 |
_a112 p. : _bill. ; _c30 cm. |
||
| 500 | _aIncludes index. | ||
| 650 | 0 | _aDesktop publishing. | |
| 907 |
_a.b10029564 _b16-01-07 _c17-04-03 |
||
| 003 | |||
| 005 | 20230123133148.0 | ||
| 040 | _cNUST | ||
| 942 |
_cBOOKS _kZ253.5 |
||
| 999 |
_c143798 _d143798 |
||